[Event "BRA Amateur-ch U1400"]
[Site "Sao Paulo"]
[Date "2022.11.06"]
[Round "7"]
[White "Faleiro, Rafael de Melo"]
[Black "E Silva, Pedro Caserta Lapen"]
[Result "0-1"]
[WhiteElo "1727"]
[BlackElo "1800"]
[PlyCount "72"]
[EventDate "2022.11.03"]
[EventType "swiss"]
[EventRounds "7"]
[EventCountry "BRA"]
[SourceTitle "CBM 211 Extra"]
[Source "ChessBase"]
[SourceDate "2023.01.31"]
[SourceVersion "1"]
[SourceVersionDate "2023.01.31"]
[SourceQuality "1"]

1. e4 e5 2. Nf3 Nf6 3. Nxe5 d6 4. Nf3 Nxe4 5. Nc3 Nxc3 6. dxc3 Be7 7. Be3 Be6 8. Nd4 a5 9. Nxe6 fxe6 10. Qg4 0-0 11. Qxe6+ Kh8 12. Bd3 Bg5 13. Qh3 h6 14. 0-0-0 Rxf2 15. Bxg5 Qxg5+ 16. Kb1 Nc6 17. Rhe1 Ne5 18. Be4 Nc4 19. Bxb7 Qb5 20. b3 Qxb7 21. Qh4 Qxg2 22. Qxc4 Rxc2 23. Qe4 Qxe4 24. Rxe4 Rxh2 25. Rf1 Kg8 26. Re7 Rf8 27. Rxf8+ Kxf8 28. Rxc7 g5 29. Rc4 h5 30. b4 axb4 31. cxb4 g4 32. b5 g3 33. b6 g2 34. Rc1 Rh1 35. b7 Rxc1+ 36. Kxc1 g1Q+ 0-1

[Event "BRA Amateur-ch U1400"]
[Site "Sao Paulo"]
[Date "2022.11.03"]
[Round "1"]
[White "Nascimento, Bianca Alencar de S"]
[Black "E Silva, Pedro Caserta Lapen"]
[Result "1-0"]
[WhiteElo "1380"]
[BlackElo "1800"]
[PlyCount "89"]
[EventDate "2022.11.03"]
[EventType "swiss"]
[EventRounds "7"]
[EventCountry "BRA"]
[SourceTitle "CBM 211 Extra"]
[Source "ChessBase"]
[SourceDate "2023.01.31"]
[SourceVersion "1"]
[SourceVersionDate "2023.01.31"]
[SourceQuality "1"]

1. e4 e5 2. Nf3 Nf6 3. Nc3 Bb4 4. d3 0-0 5. Nxe5 Re8 6. Nf3 d5 7. Bd2 dxe4 8. Nxe4 Nxe4 9. dxe4 Rxe4+ 10. Be2 Qe7 11. Bxb4 Qxb4+ 12. c3 Qe7 13. Nd4 c5 14. Nc2 Nc6 15. Ne3 Be6 16. 0-0 f5 17. Bd3 Re5 18. Qc2 Rf8 19. Rae1 Bd7 20. Nd5 Qd6 21. Rxe5 Nxe5 22. c4 Ng4 23. f4 Be6 24. h3 Bxd5 25. hxg4 Bc6 26. gxf5 Qd4+ 27. Rf2 Rd8 28. Bf1 Be4 29. Qb3 b6 30. g4 Qf6 31. Qe3 Bc6 32. Qe6+ Qxe6 33. fxe6 Kf8 34. f5 Ke7 35. b3 Rd4 36. Bh3 Rd3 37. Kh2 Be4 38. Bg2 Bxg2 39. Kxg2 Re3 40. Rd2 g6 41. Rd7+ Kf6 42. Kf2 Re5 43. Rf7+ Kg5 44. e7 gxf5 45. Rxf5+ 1-0